Oliver Twist
| Main Author: | |
|---|---|
| Format: | Book |
| Published: |
California :
IDW Publishing ,
2009
|
| Subjects: |
MARC
| LEADER | 00000cam a2200000 7i4500 | ||
|---|---|---|---|
| 001 | 0000163997 | ||
| 005 | 20130315.0 | ||
| 020 | |a 9781600103667 | ||
| 090 | 0 | 0 | |a JF |b DIC |
| 100 | 1 | |a Dickens, Charles | |
| 245 | 1 | 0 | |a Oliver Twist |c Charles Dickens |
| 260 | |a California : |b IDW Publishing , |c 2009 | ||
| 300 | |a 62p. : |b ill. ; |c 30cm. | ||
| 650 | 0 | 0 | |a Children's stories |
| 999 | |a 00268005 |b BUKU |c PINJAMAN |e PERPUSTAKAAN KOMUNITI PETALING JAYA | ||